000 00576nam a2200181Ia 4500
005 20250508160148.0
008 008 250505s9999 xx 000 0 hin d
037 _aTextual
040 _aFEDL
_beng
_cFEDL
041 _ahin
_2hin
084 _a370.7, NCE
_qFEDL
245 0 _aRastriya sheshik anusandhan aur pershikshan parishad ka gyapen-patr aur niyamawali
260 _aNew Delhi, India
_bNational Council of Educational Research and Training
_c1969
300 _a24p.
650 _aEducation
942 _cTEXL
_h370.7, NCE
999 _c1362321
_d1362321